सावर रे भाग 3 (Record no. 145586)

MARC details
000 -LEADER
fixed length control field 00509nam a2200181Ia 4500
008 - FIXED-LENGTH DATA ELEMENTS--GENERAL INFORMATION
fixed length control field 090124s9999 xx 000 0 und d
082 ## - DEWEY DECIMAL CLASSIFICATION NUMBER
Item number 32107
Classification number 2195
100 ## - MAIN ENTRY--PERSONAL NAME
Personal name दवणे प्रवीण
245 ## - TITLE STATEMENT
Title सावर रे भाग 3
250 ## - EDITION STATEMENT
Edition statement 1
260 ## - PUBLICATION, DISTRIBUTION, ETC. (IMPRINT)
Date of publication, distribution, etc 2003
300 ## - PHYSICAL DESCRIPTION
Extent 144
600 ## - SUBJECT ADDED ENTRY--PERSONAL NAME
Personal name दवणे प्रवीण
630 ## - SUBJECT ADDED ENTRY--UNIFORM TITLE
Uniform title सावर रे भाग 3
700 ## - ADDED ENTRY--PERSONAL NAME
Personal name दवणे प्रवीण
730 ## - ADDED ENTRY--UNIFORM TITLE
Uniform title सावर रे भाग 3
942 ## - ADDED ENTRY ELEMENTS (KOHA)
Koha item type Book
Holdings
Withdrawn status Lost status Damaged status Not for loan Home library Current library Date acquired Cost, normal purchase price Total Checkouts Full call number Barcode Date last seen Cost, replacement price Price effective from Koha item type
        Marathi Granth Sangrahalaya,Thane Marathi Granth Sangrahalaya,Thane   110.00   32107 THNMGS-32107 01/24/2009 110.00 01/24/2009 Book